30 capitales les plus proches de l'île Kerguelen - Statistiques

Statistiques générales
  • Ce quiz a été pris 17 fois
  • Le résultat moyen est 21 sur 30
Statistiques - réponses
Km Capitales % Correct
3 915 Antananarivo
94%
4 428 Prétoria
94%
7 177 Brazzaville / Addis Abeba
82%
6 415 Canberra
82%
7 174 Kinshasa
82%
6 866 Luanda
82%
4 105 Maputo
82%
6 202 Nairobi
82%
5 419 Windhoek
76%
5 766 Dodoma
71%
4 887 Harare
71%
6 577 Kampala
71%
6 626 Kuala Lumpur
71%
5 090 Lilongwe
71%
6 179 Mogadiscio
71%
4 744 Gaborone
65%
6 363 Gitega
65%
6 498 Kigali
65%
5 339 Lusaka
65%
5 951 Malé
65%
4 230 Maseru
65%
4 865 Moroni
65%
6 469 Singapour
65%
5 166 Victoria
65%
6 838 Dili
59%
7 042 Djouba
59%
5 827 Jakarta
59%
4 180 Mbabane
59%
3 425 Port-Louis
59%
6 325 Colombo
35%
Aucun quiz correspondant
Distribution des résultats
% des personnes avec chaque résultat
Percentile par nombre de réponses
Votre historique - résultats
Vous n’avez pas pris ce quiz